[Event "Mid Bohemia Region-chT 2223"]
[Site "Czech Republic"]
[Date "2022.11.13"]
[Round "3.5"]
[White "Krejcik, Miroslav"]
[Black "Vrecion, Jiri"]
[Result "1/2-1/2"]
[WhiteElo "1824"]
[BlackElo "2049"]
[PlyCount "128"]
[EventDate "2022.10.09"]
[EventType "team-tourn"]
[EventRounds "11"]
[EventCountry "CZE"]
[SourceTitle "EXT 2024"]
[Source "ChessBase"]
[SourceDate "2023.10.10"]
[SourceVersion "1"]
[SourceVersionDate "2023.10.10"]
[SourceQuality "1"]
[WhiteTeam "Zdice"]
[BlackTeam "Cesky Brod"]
[WhiteTeamCountry "CZE"]
[BlackTeamCountry "CZE"]

1. c4 Nf6 2. g3 g6 3. Bg2 Bg7 4. Nc3 c6 5. e4 d6 6. d4 0-0 7. Nge2 Nbd7 8. 0-0 Re8 9. f3 a6 10. a4 Rb8 11. a5 b5 12. axb6 Nxb6 13. Qd3 Qc7 14. c5 Nbd7 15. cxd6 exd6 16. Ra2 Rb4 17. Bd2 Qb8 18. Qc2 Qa8 19. Na4 Rb8 20. Ba5 Bf8 21. Bc7 Rb4 22. Rc1 c5 23. dxc5 dxc5 24. Nf4 Qc6 25. Ba5 Rb5 26. Bc3 Ne5 27. b4 cxb4 28. Bxe5 Qxc2 29. Raxc2 Rbxe5 30. Rxc8 Rxc8 31. Rxc8 Ra5 32. Nb2 Ra2 33. Nfd3 Kg7 34. Nc4 a5 35. Rb8 Nd7 36. Ra8 a4 37. Bh3 Ra1+ 38. Kf2 Nc5 39. Nxb4 Nxe4+ 40. fxe4 Bxb4 41. Ne5 Bc5+ 42. Ke2 Ra2+ 43. Kd3 Rxh2 44. Bf1 a3 45. g4 Rb2 46. Kc3 Rb7 47. Bc4 f6 48. Nd3 Ra7 49. Rxa7+ Bxa7 50. Ne1 Bc5 51. Nf3 h5 52. gxh5 gxh5 53. Kd3 Kf8 54. Ke2 Ke7 55. Ne1 Kd6 56. Nd3 Bd4 57. Kf3 f5 58. exf5 Bf6 59. Ke4 h4 60. Ba2 h3 61. Kf3 h2 62. Kg2 Be5 63. Ne1 Ke7 64. Nf3 Kf6 1/2-1/2

[Event "Prague Summer op-A 5th"]
[Site "Prague"]
[Date "2018.08.04"]
[Round "2"]
[White "Vrecion, Jiri"]
[Black "Toman, Ondrej"]
[Result "0-1"]
[WhiteElo "2050"]
[BlackElo "2231"]
[PlyCount "50"]
[EventDate "2018.08.03"]
[EventType "swiss"]
[EventRounds "9"]
[EventCountry "CZE"]
[SourceTitle "CBM 185 Extra"]
[Source "ChessBase"]
[SourceDate "2018.07.29"]
[SourceVersion "1"]
[SourceVersionDate "2018.07.29"]
[SourceQuality "1"]

1. c4 e5 2. Nc3 Nc6 3. g3 f5 4. Bg2 Nf6 5. d3 Bb4 6. Bd2 0-0 7. e3 d6 8. Qb3 f4 9. 0-0-0 Ng4 10. Nh3 a5 11. Bxc6 bxc6 12. exf4 Bf5 13. f3 Ne3 14. Bxe3 Bxh3 15. Na4 exf4 16. Bf2 Bg2 17. Rhg1 Bxf3 18. d4 fxg3 19. Bxg3 Qg5+ 20. Kb1 Bxd1 21. Rxd1 Bd2 22. c5+ d5 23. Bxc7 Rae8 24. Qb6 Qf5+ 25. Ka1 Qf1 0-1

[Event "Prague Menchik Memorial rapid"]
[Site "Prague"]
[Date "2018.06.10"]
[Round "3"]
[White "Vrecion, Jiri"]
[Black "Burdalev, Kirill"]
[Result "1-0"]
[WhiteElo "2050"]
[BlackElo "2377"]
[PlyCount "35"]
[EventDate "2018.06.10"]
[EventType "swiss (rapid)"]
[EventRounds "9"]
[EventCountry "CZE"]
[SourceTitle "CBM 184 Extra"]
[Source "ChessBase"]
[SourceDate "2018.06.28"]
[SourceVersion "1"]
[SourceVersionDate "2018.06.28"]
[SourceQuality "1"]

1. c4 g6 2. g3 Bg7 3. Bg2 Nf6 4. Nc3 0-0 5. e4 d6 6. Nge2 a6 7. 0-0 Nc6 8. h3 Rb8 9. d4 b5 10. e5 Nxd4 11. Nxd4 dxe5 12. Nc6 Qxd1 13. Rxd1 b4 14. Nxb8 bxc3 15. Nc6 c2 16. Rd2 Be6 17. Rxc2 Nd7 18. Nxe7+ 1-0

[Event "Prague Menchik Memorial rapid"]
[Site "Prague"]
[Date "2018.06.10"]
[Round "7"]
[White "Vrecion, Jiri"]
[Black "Netusil, Miloslav"]
[Result "1/2-1/2"]
[WhiteElo "2050"]
[BlackElo "2234"]
[PlyCount "94"]
[EventDate "2018.06.10"]
[EventType "swiss (rapid)"]
[EventRounds "9"]
[EventCountry "CZE"]
[SourceTitle "CBM 184 Extra"]
[Source "ChessBase"]
[SourceDate "2018.06.28"]
[SourceVersion "1"]
[SourceVersionDate "2018.06.28"]
[SourceQuality "1"]

1. c4 e5 2. g3 Nf6 3. Bg2 c6 4. d4 exd4 5. Qxd4 d5 6. Nc3 Be6 7. Bg5 dxc4 8. Qxd8+ Kxd8 9. Ne4 Bb4+ 10. Kd1 Nbd7 11. Nxf6 Nxf6 12. Nf3 c3 13. Kc2 cxb2 14. Kxb2 h6 15. Bxf6+ gxf6 16. Nd4 Ke7 17. Bxc6 Rad8 18. Nxe6 fxe6 19. Bf3 Rd2+ 20. Kb3 Bc5 21. Rac1 b6 22. Rhf1 Rhd8 23. Rc2 R2d4 24. Rc4 Rxc4 25. Kxc4 Rd2 26. Kb3 a5 27. a3 e5 28. Rc1 f5 29. a4 Kd6 30. Rc2 Rd1 31. e3 Ra1 32. Rd2+ Ke7 33. Bc6 Bd6 34. h4 Rc1 35. Bb5 Ra1 36. Kb2 Re1 37. Kc2 Ra1 38. Kd3 Bb4 39. Rc2 Bc5 40. Ke2 Ra3 41. Rd2 Bd6 42. Rc2 Rb3 43. Rc6 Rb2+ 44. Kf3 e4+ 45. Kg2 Bc5 46. Kg1 Rb1+ 47. Kg2 Rb2 1/2-1/2

[Event "Prague Menchik Memorial rapid"]
[Site "Prague"]
[Date "2018.06.10"]
[Round "9"]
[White "Vrecion, Jiri"]
[Black "Pribyl, Josef"]
[Result "0-1"]
[WhiteElo "2050"]
[BlackElo "2263"]
[PlyCount "98"]
[EventDate "2018.06.10"]
[EventType "swiss (rapid)"]
[EventRounds "9"]
[EventCountry "CZE"]
[SourceTitle "CBM 184 Extra"]
[Source "ChessBase"]
[SourceDate "2018.06.28"]
[SourceVersion "1"]
[SourceVersionDate "2018.06.28"]
[SourceQuality "1"]

1. c4 e5 2. g3 Nc6 3. Bg2 Nf6 4. Nc3 Bb4 5. d3 Bxc3+ 6. bxc3 0-0 7. e4 d6 8. Rb1 b6 9. Ne2 Nd7 10. Be3 Nc5 11. f4 Bg4 12. 0-0 exf4 13. Rxf4 Qd7 14. Qd2 Ne5 15. Nc1 Rae8 16. Bd4 Bh3 17. Bxe5 dxe5 18. Rf3 Bxg2 19. Qxg2 Rd8 20. Qf1 Qe6 21. Nb3 Qc6 22. Nxc5 Qxc5+ 23. Qf2 Qa3 24. Qc2 Rd7 25. Kg2 Rfd8 26. Rb5 Qe7 27. Rd5 c6 28. Rxd7 Qxd7 29. Kf2 Qh3 30. Kg1 g6 31. Rf6 Qd7 32. Rf3 Kg7 33. Qe2 h5 34. Qf1 Qe7 35. Qe2 Rd6 36. Kg2 Qd7 37. Qf1 c5 38. Qe2 a6 39. Qc2 b5 40. cxb5 axb5 41. Kf2 c4 42. Ke2 Qc6 43. dxc4 Qxc4+ 44. Ke1 Ra6 45. Rf2 Ra3 46. Re2 Rxc3 47. Qd2 Qc5 48. Kf1 Rc1+ 49. Re1 Rc2 0-1

[Event "Prague Summer op 4th"]
[Site "Prague"]
[Date "2017.08.09"]
[Round "7"]
[White "Vrecion, Jiri"]
[Black "Haase, Pavel"]
[Result "1-0"]
[WhiteElo "1979"]
[BlackElo "2177"]
[PlyCount "83"]
[EventDate "2017.08.04"]
[EventType "swiss"]
[EventRounds "9"]
[EventCountry "CZE"]
[SourceTitle "CBM 179 Extra"]
[Source "ChessBase"]
[SourceDate "2017.08.23"]
[SourceVersion "1"]
[SourceVersionDate "2017.08.23"]
[SourceQuality "1"]

1. c4 Nf6 2. g3 g6 3. b3 Bg7 4. Bb2 0-0 5. Nf3 d6 6. Bg2 c5 7. Nc3 Nc6 8. 0-0 a6 9. d4 Bg4 10. dxc5 dxc5 11. Na4 Nd7 12. Bxg7 Kxg7 13. h3 Bf5 14. Ng5 h6 15. Ne4 Qa5 16. Qe1 Qxe1 17. Raxe1 b6 18. g4 Bxe4 19. Bxe4 Rfc8 20. Rd1 Nf6 21. Bg2 Rab8 22. Rd2 g5 23. Rfd1 Ne5 24. Nc3 h5 25. gxh5 Nxh5 26. Rd5 f6 27. e3 Kf7 28. Ne4 Ng7 29. Nxg5+ Kg6 30. Nf3 Nc6 31. Nh4+ Kf7 32. Rd7 Nb4 33. a3 Nc6 34. f4 Na5 35. Ra7 f5 36. Rdd7 Re8 37. b4 Nb3 38. Rd6 Kg8 39. Bd5+ e6 40. Rdd7 Nh5 41. Rh7 exd5 42. Ng6 1-0

[Event "Prague Summer op 4th"]
[Site "Prague"]
[Date "2017.08.06"]
[Round "3"]
[White "Aroven, Mikael"]
[Black "Vrecion, Jiri"]
[Result "1/2-1/2"]
[WhiteElo "2175"]
[BlackElo "1979"]
[PlyCount "84"]
[EventDate "2017.08.04"]
[EventType "swiss"]
[EventRounds "9"]
[EventCountry "CZE"]
[SourceTitle "CBM 179 Extra"]
[Source "ChessBase"]
[SourceDate "2017.08.23"]
[SourceVersion "1"]
[SourceVersionDate "2017.08.23"]
[SourceQuality "1"]

1. c4 Nf6 2. g3 g6 3. Bg2 d5 4. cxd5 Nxd5 5. Nc3 Nxc3 6. bxc3 Bg7 7. Qb3 c6 8. Nf3 0-0 9. h4 Qb6 10. Qc2 e5 11. 0-0 Bf5 12. e4 Bg4 13. d3 c5 14. Nh2 Be6 15. Be3 Qd6 16. Rad1 Nc6 17. h5 Rad8 18. Rfe1 Rd7 19. Bf1 Rfd8 20. Be2 Qe7 21. hxg6 hxg6 22. Nf3 f6 23. Qa4 Rc7 24. d4 cxd4 25. cxd4 exd4 26. Nxd4 Nxd4 27. Bxd4 b6 28. Be3 Rcd7 29. Rxd7 Qxd7 30. Qxd7 Rxd7 31. Bb5 Rc7 32. a4 Bf8 33. Bf4 Rc2 34. Rc1 Rxc1+ 35. Bxc1 Bc5 36. Kg2 Bb3 37. Bb2 Kf7 38. f4 a6 39. Bxa6 Bxa4 40. Bc4+ Ke7 41. Kf3 Bc6 42. g4 f5 1/2-1/2

[Event "Prague Summer op 4th"]
[Site "Prague"]
[Date "2017.08.04"]
[Round "1"]
[White "Petran, Peter"]
[Black "Vrecion, Jiri"]
[Result "1-0"]
[WhiteElo "2308"]
[BlackElo "1979"]
[PlyCount "77"]
[EventDate "2017.08.04"]
[EventType "swiss"]
[EventRounds "9"]
[EventCountry "CZE"]
[SourceTitle "CBM 179 Extra"]
[Source "ChessBase"]
[SourceDate "2017.08.23"]
[SourceVersion "1"]
[SourceVersionDate "2017.08.23"]
[SourceQuality "1"]

1. g3 Nf6 2. Bg2 d5 3. Nf3 g6 4. d3 Bg7 5. Nbd2 0-0 6. e4 dxe4 7. dxe4 c5 8. 0-0 Nc6 9. c3 e6 10. Re1 b6 11. Qe2 Qe7 12. a4 Rd8 13. e5 Nd5 14. Nc4 h6 15. Nfd2 Ba6 16. Qe4 Bxc4 17. Nxc4 Rd7 18. f4 Rad8 19. Qe2 Rb8 20. Qf2 a6 21. Bd2 Qd8 22. Re2 Bf8 23. Rf1 b5 24. axb5 axb5 25. Ne3 Nce7 26. g4 Qc7 27. f5 exf5 28. Nxd5 Nxd5 29. gxf5 c4 30. Qg3 Qb6+ 31. Kh1 Ne7 32. f6 Nc8 33. e6 fxe6 34. Qxg6+ Kh8 35. Bxh6 Nd6 36. Rxe6 Qc7 37. Bf4 Rbd8 38. Be5 Rf7 39. Re7 1-0

[Event "CZE-chT U18 Extraliga final-A 1617"]
[Site "Czech Republic"]
[Date "2017.04.22"]
[Round "10.3"]
[White "Vrecion, Jiri"]
[Black "Fialka, Adam"]
[Result "0-1"]
[WhiteElo "1945"]
[BlackElo "1833"]
[PlyCount "86"]
[EventDate "2016.10.01"]
[EventType "team-tourn"]
[EventRounds "11"]
[EventCountry "CZE"]
[SourceTitle "EXT 2022"]
[Source "ChessBase"]
[SourceDate "2021.10.06"]
[SourceVersion "1"]
[SourceVersionDate "2021.10.06"]
[SourceQuality "1"]
[WhiteTeam "Ricany U18"]
[BlackTeam "Orlova Slavia U18"]
[WhiteTeamCountry "CZE"]
[BlackTeamCountry "CZE"]

1. c4 c5 2. g3 Nc6 3. Bg2 Nf6 4. Nc3 e6 5. e4 d6 6. Nge2 g6 7. d3 Bg7 8. 0-0 0-0 9. h3 Ne8 10. Be3 f5 11. exf5 Rxf5 12. d4 cxd4 13. Nxd4 Nxd4 14. Bxd4 Qe7 15. Re1 e5 16. Nd5 Qd8 17. Bc3 Rb8 18. Ne3 Rf8 19. c5 Be6 20. cxd6 Qxd6 21. Ng4 Qxd1 22. Raxd1 Bxa2 23. Nxe5 Nf6 24. Ra1 Bf7 25. Rxa7 Nd5 26. Bxd5 Bxd5 27. Nd7 Ra8 28. Bxg7 Kxg7 29. Re7+ Kh6 30. Nxf8 Rxa7 31. Rxh7+ Kg5 32. f4+ Kf5 33. Rd7 Ke4 34. Nxg6 Ra1+ 35. Kf2 Rh1 36. Re7+ Kd4 37. Re2 Rh2+ 38. Ke1 Rh1+ 39. Kd2 Bb3 40. Re7 Rh2+ 41. Ke1 Rh1+ 42. Kf2 Rh2+ 43. Kf3 Bd1+ 0-1

[Event "CZE-chT U18 Extraliga West 1617"]
[Site "Czech Republic"]
[Date "2017.01.21"]
[Round "7.3"]
[White "Vrecion, Jiri"]
[Black "Hejduk, Miroslav"]
[Result "1-0"]
[WhiteElo "1945"]
[BlackElo "1898"]
[PlyCount "95"]
[EventDate "2016.10.01"]
[EventType "team-tourn"]
[EventRounds "11"]
[EventCountry "CZE"]
[SourceTitle "EXT 2022"]
[Source "ChessBase"]
[SourceDate "2021.10.06"]
[SourceVersion "1"]
[SourceVersionDate "2021.10.06"]
[SourceQuality "1"]
[WhiteTeam "Ricany U18"]
[BlackTeam "Liberec Desko U18"]
[WhiteTeamCountry "CZE"]
[BlackTeamCountry "CZE"]

1. c4 e5 2. Nc3 Nc6 3. g3 f5 4. Bg2 Nf6 5. e4 d6 6. Nge2 Be7 7. 0-0 0-0 8. d3 Be6 9. Nd5 Qd7 10. Nec3 Rac8 11. Be3 Nd4 12. exf5 Nxf5 13. Qd2 Nxe3 14. Nxe3 c6 15. d4 Rcd8 16. Rad1 Ng4 17. d5 Nxe3 18. Qxe3 Bh3 19. Qxa7 Bxg2 20. Kxg2 c5 21. f3 Rf6 22. Qa4 Qf5 23. Ne4 Rh6 24. Qc2 Rf8 25. Qd2 Qh5 26. Kg1 Rxf3 27. Rxf3 Qxf3 28. Re1 Rh5 29. Qe2 Rf5 30. Qxf3 Rxf3 31. Nf2 Kf7 32. Kg2 Rf5 33. Ne4 Ke8 34. Rf1 Rxf1 35. Kxf1 Kd7 36. a3 Kc7 37. b4 cxb4 38. axb4 Kd7 39. c5 Kc7 40. Ke2 Kd7 41. Kd3 dxc5 42. bxc5 Bd8 43. Nc3 Be7 44. Na4 Bd8 45. Ke4 Bf6 46. Nb6+ Kc7 47. d6+ Kd8 48. Kd5 1-0

[Event "Prague Summer op 2nd"]
[Site "Prague"]
[Date "2015.08.14"]
[Round "9"]
[White "Melkevik, Johannes"]
[Black "Vrecion, Jiri"]
[Result "1-0"]
[WhiteElo "2046"]
[BlackElo "1839"]
[PlyCount "47"]
[EventDate "2015.08.07"]
[EventType "swiss"]
[EventRounds "9"]
[EventCountry "CZE"]
[SourceTitle "CBM 167 Extra"]
[Source "ChessBase"]
[SourceDate "2015.09.14"]
[SourceVersion "1"]
[SourceVersionDate "2015.09.14"]
[SourceQuality "1"]

1. f4 Nf6 2. Nf3 d5 3. g3 g6 4. Bg2 c5 5. 0-0 Nc6 6. d3 Bg7 7. Kh1 0-0 8. Nc3 b6 9. e4 dxe4 10. dxe4 e5 11. Qe1 Re8 12. f5 Nb4 13. Rf2 gxf5 14. Nh4 fxe4 15. Nxe4 Nxe4 16. Bxe4 Rb8 17. a3 Na6 18. Qe2 Qd4 19. Bxh7+ Kh8 20. Bf5 Bxf5 21. Nxf5 Qd5+ 22. Kg1 Re6 23. Qh5+ Kg8 24. Nxg7 1-0

[Event "Prague Summer op 2nd"]
[Site "Prague"]
[Date "2015.08.09"]
[Round "4"]
[White "Vrecion, Jiri"]
[Black "Volodin, Viktor Nikolaevich"]
[Result "0-1"]
[WhiteElo "1839"]
[BlackElo "2158"]
[PlyCount "150"]
[EventDate "2015.08.07"]
[EventType "swiss"]
[EventRounds "9"]
[EventCountry "CZE"]
[SourceTitle "CBM 167 Extra"]
[Source "ChessBase"]
[SourceDate "2015.09.14"]
[SourceVersion "1"]
[SourceVersionDate "2015.09.14"]
[SourceQuality "1"]

1. c4 e6 2. Nc3 d5 3. cxd5 exd5 4. d3 c6 5. g3 Nf6 6. Bg2 Bg4 7. Qb3 Qb6 8. Be3 Qxb3 9. axb3 a6 10. Nf3 Nbd7 11. 0-0 Bd6 12. Na4 Ke7 13. Rfc1 Rhe8 14. Kf1 Rac8 15. Nc5 Nxc5 16. Bxc5 Bxc5 17. Rxc5 Kd6 18. b4 Nd7 19. Rc2 Nf6 20. Rac1 Rc7 21. h3 Bxf3 22. Bxf3 Rce7 23. e3 Nd7 24. Kg2 Ne5 25. Be2 Ra8 26. Rc5 f5 27. Ra5 Rae8 28. d4 Nd7 29. Bd3 Rf8 30. Ra3 g5 31. Rac3 Nb8 32. g4 f4 33. Bf5 fxe3 34. Rxe3 Rxe3 35. fxe3 h5 36. Kf3 Nd7 37. Ke2 h4 38. Rf1 Nb6 39. Kd3 Kc7 40. b3 Nc8 41. Ke2 Nd6 42. Bd3 Rxf1 43. Kxf1 Kb6 44. Ke2 a5 45. Kf3 axb4 46. e4 dxe4+ 47. Bxe4 Nb5 48. Ke3 Nd6 49. Bh7 Kc7 50. Bg8 Kd7 51. Kd3 b6 52. Ke3 Ne8 53. Bc4 Nf6 54. Bf7 Kd6 55. Bc4 Nd5+ 56. Ke4 Nf4 57. Bf1 Ke6 58. Bc4+ Kf6 59. Bf1 b5 60. Ke3 Ke7 61. Ke4 Ke6 62. Kf3 Kd5 63. Ke3 Ne6 64. Bg2+ Kd6 65. Ke4 c5 66. dxc5+ Nxc5+ 67. Kf5 Nxb3 68. Bf1 Nd2 69. Be2 b3 70. Kxg5 b2 71. Bd3 b1Q 72. Bxb1 Nxb1 73. Kh6 Nc3 74. g5 b4 75. g6 Nd5 0-1

[Event "Kouty nad Desnou op-A"]
[Site "Kouty nad Desnou"]
[Date "2015.03.07"]
[Round "1"]
[White "Vrecion, Jiri"]
[Black "Simunek, Filip"]
[Result "1-0"]
[WhiteElo "1851"]
[BlackElo "2158"]
[PlyCount "83"]
[EventDate "2015.03.07"]
[EventType "swiss"]
[EventRounds "9"]
[EventCountry "CZE"]
[SourceTitle "EXT 2017"]
[Source "ChessBase"]
[SourceDate "2016.10.25"]
[SourceVersion "1"]
[SourceVersionDate "2016.10.25"]
[SourceQuality "1"]

1. c4 Nf6 2. Nc3 e5 3. e4 Bb4 4. Nge2 a5 5. g3 0-0 6. Bg2 d6 7. 0-0 c6 8. d3 Bc5 9. h3 Be6 10. Kh2 d5 11. exd5 cxd5 12. f4 dxc4 13. dxc4 exf4 14. Bxf4 Bxc4 15. Bxb7 Ra7 16. Bf3 Na6 17. a3 Bb6 18. Qxd8 Rxd8 19. Rfd1 Bb3 20. Rxd8+ Bxd8 21. Nd4 Be6 22. Ncb5 Re7 23. Bd6 Re8 24. Bb7 Bd5 25. Bxa6 Bb6 26. Rc1 Ne4 27. Bc7 Bc5 28. Bxa5 h5 29. Nc7 Bxd4 30. Nxe8 Ng5 31. Be2 h4 32. Be1 hxg3+ 33. Bxg3 Bxb2 34. Rc5 Nf3+ 35. Bxf3 Bxf3 36. a4 Bd4 37. Rc8 Kh7 38. Nd6 Kg6 39. a5 f5 40. Nc4 Bb7 41. Rc7 Be4 42. Be5 1-0

[Event "Mlada Boleslav Region-ch U20"]
[Site "Mlada Boleslav"]
[Date "2014.06.21"]
[Round "2"]
[White "Vrecion, Jiri"]
[Black "Smolik, Ales"]
[Result "1-0"]
[WhiteElo "1808"]
[BlackElo "1459"]
[PlyCount "55"]
[EventDate "2014.06.21"]
[EventType "swiss"]
[EventRounds "7"]
[EventCountry "CZE"]
[SourceTitle "EXT 2016"]
[Source "ChessBase"]
[SourceDate "2015.10.08"]
[SourceVersion "1"]
[SourceVersionDate "2015.10.08"]
[SourceQuality "1"]

1. d4 d5 2. Nf3 Bf5 3. c4 e6 4. Nc3 Bb4 5. Qb3 Nc6 6. a3 Bxc3+ 7. bxc3 Nge7 8. cxd5 exd5 9. Bf4 b6 10. e3 0-0 11. Be2 h6 12. 0-0 g5 13. Bg3 Kg7 14. Qb2 f6 15. c4 h5 16. h4 g4 17. Nd2 Be6 18. cxd5 Qxd5 19. Bc4 Qd7 20. Bxe6 Qxe6 21. Bxc7 Rfc8 22. Bf4 Nd5 23. Bg3 f5 24. Nc4 Kg6 25. Rac1 Qf6 26. Nd6 f4 27. Nxc8 fxg3 28. Qc2+ 1-0

[Event "Czech Fed-ch U16"]
[Site "Hrdonov"]
[Date "2013.10.29"]
[Round "5"]
[White "Vrecion, Jiri"]
[Black "Novak, Lukas"]
[Result "0-1"]
[WhiteElo "1777"]
[BlackElo "1647"]
[PlyCount "26"]
[EventDate "2013.10.26"]
[EventType "swiss"]
[EventRounds "9"]
[EventCountry "CZE"]
[SourceTitle "EXT 2016"]
[Source "ChessBase"]
[SourceDate "2015.10.08"]
[SourceVersion "1"]
[SourceVersionDate "2015.10.08"]
[SourceQuality "1"]

1. b3 e5 2. Bb2 Nc6 3. e3 d5 4. Bb5 Bd6 5. Bxc6+ bxc6 6. c4 Nf6 7. d3 0-0 8. Nc3 d4 9. Nce2 Bb4+ 10. Kf1 dxe3 11. fxe3 Ng4 12. Bc1 Qf6+ 13. Nf3 e4 0-1

[Event "Czech Fed-ch U16"]
[Site "Hrdonov"]
[Date "2013.10.27"]
[Round "2"]
[White "Janska, Jitka"]
[Black "Vrecion, Jiri"]
[Result "0-1"]
[WhiteElo "1931"]
[BlackElo "1777"]
[PlyCount "111"]
[EventDate "2013.10.26"]
[EventType "swiss"]
[EventRounds "9"]
[EventCountry "CZE"]
[SourceTitle "EXT 2016"]
[Source "ChessBase"]
[SourceDate "2015.10.08"]
[SourceVersion "1"]
[SourceVersionDate "2015.10.08"]
[SourceQuality "1"]

1. e4 e6 2. d4 d5 3. exd5 exd5 4. c4 Nf6 5. Nc3 Bb4 6. Nf3 0-0 7. Bd3 Re8+ 8. Be3 Ng4 9. 0-0 c6 10. Qc2 Nf6 11. Ng5 h6 12. Bh7+ Kf8 13. Nxf7 Kxf7 14. Bg6+ Kg8 15. Bxe8 Qxe8 16. Rae1 Qf7 17. cxd5 Nxd5 18. Rc1 Nd7 19. Nxd5 Qxd5 20. Qg6 Qf7 21. Qg3 Qf6 22. Bxh6 Bd6 23. Bxg7 Bxg3 24. Bxf6 Bf4 25. Rc3 Nxf6 26. g3 Bd6 27. a3 Nd5 28. Rb3 Rb8 29. Re1 Bf5 30. Rf3 Bg4 31. Rd3 Kf7 32. Kg2 Kg6 33. f4 Bxf4 34. h3 Bd7 35. Rf3 Bg5 36. Re5 Bf6 37. Re2 Bxd4 38. Rd2 Bf6 39. b4 Re8 40. Rdf2 Re4 41. Kh2 a5 42. bxa5 Ra4 43. Rb3 Bc8 44. Re2 Kf7 45. a6 Rxa6 46. Rc2 Ra4 47. Kg2 Re4 48. Kf3 Re7 49. Rd2 Bxh3 50. g4 Bf1 51. Kf2 Bc4 52. Rf3 Kg6 53. Rh3 b5 54. Rf3 Re4 55. g5 Kxg5 56. Rd1 0-1

[Event "Mlada Boleslav Region-ch U20"]
[Site "Mlada Boleslav"]
[Date "2013.06.23"]
[Round "7"]
[White "Jandl, Vojtech"]
[Black "Vrecion, Jiri"]
[Result "1/2-1/2"]
[WhiteElo "1837"]
[BlackElo "1777"]
[PlyCount "20"]
[EventDate "2013.06.22"]
[EventType "swiss"]
[EventRounds "7"]
[EventCountry "CZE"]
[SourceTitle "EXT 2015"]
[Source "ChessBase"]
[SourceDate "2014.11.20"]
[SourceVersion "1"]
[SourceVersionDate "2014.11.20"]
[SourceQuality "1"]

1. e4 e5 2. Nf3 Nc6 3. Bc4 Bc5 4. Nc3 Nf6 5. d3 h6 6. 0-0 d6 7. h3 0-0 8. Nd5 Nxd5 9. Bxd5 Be6 10. Bxc6 bxc6 1/2-1/2

[Event "Mlada Boleslav Region-ch U20"]
[Site "Mlada Boleslav"]
[Date "2013.06.22"]
[Round "3"]
[White "Nova, Michaela"]
[Black "Vrecion, Jiri"]
[Result "1/2-1/2"]
[WhiteElo "1531"]
[BlackElo "1777"]
[PlyCount "64"]
[EventDate "2013.06.22"]
[EventType "swiss"]
[EventRounds "7"]
[EventCountry "CZE"]
[SourceTitle "EXT 2015"]
[Source "ChessBase"]
[SourceDate "2014.11.20"]
[SourceVersion "1"]
[SourceVersionDate "2014.11.20"]
[SourceQuality "1"]

1. e4 e6 2. d4 d5 3. exd5 exd5 4. Bd3 Bd6 5. c3 Nc6 6. Qc2 Nge7 7. Ne2 Ng6 8. Nd2 Be6 9. Nf3 Qd7 10. Ng3 0-0-0 11. Be3 Nf4 12. Bxf4 Bxf4 13. Nd2 g6 14. 0-0-0 Rde8 15. Rde1 f6 16. Rhf1 Re7 17. Ne2 Bh6 18. f4 Bf7 19. g3 Rhe8 20. Nf3 Be6 21. Neg1 Bg4 22. Qf2 Bxf3 23. Nxf3 Qd6 24. Rxe7 Rxe7 25. Re1 Kd7 26. Rxe7+ Qxe7 27. Kd2 Nd8 28. Qe3 Nf7 29. Qxe7+ Kxe7 30. Ke3 Nd6 31. b3 Bf8 32. g4 Ke6 1/2-1/2

[Event "Czech Fed-ch U14"]
[Site "Hrdonov"]
[Date "2012.10.26"]
[Round "8"]
[White "Vrecion, Jiri"]
[Black "Hollan, Martin"]
[Result "1/2-1/2"]
[WhiteElo "1751"]
[BlackElo "1726"]
[PlyCount "40"]
[EventDate "2012.10.20"]
[EventType "swiss"]
[EventRounds "9"]
[EventCountry "CZE"]
[SourceTitle "CBM 151 Extra"]
[Source "ChessBase"]
[SourceDate "2012.12.18"]
[SourceVersion "1"]
[SourceVersionDate "2012.12.18"]
[SourceQuality "1"]

1. d4 Nf6 2. Nf3 e6 3. c4 b6 4. Nc3 Bb7 5. Bg5 Be7 6. e3 d6 7. Be2 Nbd7 8. 0-0 0-0 9. Qc2 h6 10. Bh4 c5 11. Rfd1 a6 12. b3 Qc7 13. h3 Rfe8 14. Bg3 Rad8 15. Rd2 Bf8 16. Rad1 cxd4 17. Nxd4 Nc5 18. Bh2 Nfe4 19. Nxe4 Nxe4 20. Rd3 Nc5 1/2-1/2

[Event "Ricany op-A"]
[Site "Ricany"]
[Date "2011.08.20"]
[Round "1"]
[White "Maly, Filip"]
[Black "Vrecion, Jiri"]
[Result "1-0"]
[WhiteElo "2007"]
[BlackElo "1771"]
[PlyCount "71"]
[EventDate "2011.08.20"]
[EventType "swiss"]
[EventRounds "9"]
[EventCountry "CZE"]
[SourceTitle "CBM 144 Extra"]
[Source "ChessBase"]
[SourceDate "2011.10.28"]
[SourceVersion "1"]
[SourceVersionDate "2011.10.28"]
[SourceQuality "1"]

1. Nf3 d5 2. g3 Nf6 3. Bg2 c5 4. 0-0 Nc6 5. d3 e5 6. Nc3 Be7 7. Re1 0-0 8. e4 d4 9. Nd5 Be6 10. Nxe7+ Qxe7 11. Nh4 Nd7 12. Nf5 Qd8 13. Qg4 g6 14. Nh6+ Kg7 15. Qe2 Nf6 16. f4 Qc7 17. Rf1 Rae8 18. f5 Bc8 19. Bg5 Qd6 20. Qd2 Nb8 21. Bxf6+ Qxf6 22. Ng4 Qd6 23. Qg5 Nd7 24. Rf2 Rh8 25. Raf1 f6 26. Qh6+ Kf7 27. fxg6+ hxg6 28. Qg5 Re6 29. Nh6+ Kf8 30. Qxg6 Qe7 31. Bh3 Qg7 32. Qxg7+ Kxg7 33. Bxe6 Rxh6 34. c3 Nb6 35. Bxc8 Nxc8 36. cxd4 1-0

[Event "Prague op-B 10th"]
[Site "Prague"]
[Date "2011.01.08"]
[Round "2"]
[White "Grecny, Karol"]
[Black "Vrecion, Jiri"]
[Result "0-1"]
[WhiteElo "2004"]
[BlackElo "1788"]
[PlyCount "86"]
[EventDate "2011.01.07"]
[EventType "swiss"]
[EventRounds "9"]
[EventCountry "CZE"]
[SourceTitle "CBM 140 Extra"]
[Source "ChessBase"]
[SourceDate "2011.03.01"]
[SourceVersion "1"]
[SourceVersionDate "2011.03.01"]
[SourceQuality "1"]

1. e4 e5 2. Nf3 Nc6 3. Bb5 d6 4. d4 exd4 5. Nxd4 Bd7 6. Nxc6 bxc6 7. Bc4 Nf6 8. Nc3 Be7 9. 0-0 0-0 10. Bg5 Re8 11. f4 h6 12. Bxf6 Bxf6 13. Qh5 Be6 14. Bd3 Rb8 15. e5 dxe5 16. fxe5 Qd4+ 17. Kh1 Qxe5 18. Qf3 Rxb2 19. Ne4 Be7 20. Rae1 Qd5 21. Qf2 c5 22. Nd2 Qd4 23. Qf3 Rf8 24. Qc6 Bd6 25. Nf3 Qd5 26. Qa4 Rxa2 27. Qh4 c4 28. Be4 Qc5 29. Nd4 Qg5 30. Qxg5 hxg5 31. Nxe6 fxe6 32. Rxf8+ Kxf8 33. g4 a5 34. Bg6 Ke7 35. Bf5 e5 36. Kg2 a4 37. Kf3 a3 38. Rd1 c6 39. Rb1 Rb2 40. Ra1 a2 41. Ke3 Bc5+ 42. Kd2 Bd4 43. Be4 Rxc2+ 0-1